000 00923cab a22002295a 4500
001 L145119
008 080908e20080905xxkad f 000 0 eng d
035 _a(Sirsi) u145119
041 0 _aeng
100 1 _aDuxbury, Nick
245 0 0 _aRegional report
_bHerts, Beds and Bucks
260 _c2008
490 0 _aProperty Week
_v73(36) 5 September 2008, 99-111(7)
520 _aReports on market news and deals from around the region. Looks at the ways in which High Wycombe District Council is considering how best to develop three greenfield sites. Discusses local opposition to a new Tesco store in St Albans. Explains how Sharnbrook's narrow roads have hampered development at Colworth Science Park.
590 _aKA
651 4 _aHertfordshire
651 4 _aBedfordshire
651 4 _aBuckinghamshire
690 _aPROPERTY-COMMERCIAL PROPERTY-COMMERCIAL PROPERTY MARKET
700 1 _aShah, Aditi
942 _n0
999 _c80711
_d80711